000 00271nam a22001217a 4500
008 170622b xxu||||| |||| 00| 0 eng d
041 _aeng
080 _a323
100 _a21
101 _aSHP
245 _aISSUES COMPARATIVE POLITICS
_c JACKSON.R.J
942 _2udc
_cBK
999 _c18816
_d18816